00899cam a22002655a 45000010009000000050017000090080041000260100017000670200030000840400013001140820021001271000037001482450065001852500012002502600035002622630009002973000024003064900030003305000020003606500056003806500036004369420012004729990017004849520132005011553428720090803152616.0081125s2008 nyu 000 0 eng  a 2008942386 a9781848820494 (hardcover) aDLCcDLC 221a005.133bREG1 aReghizzi, Stefano Crespi.91147310aFormal languages and compilation /cStefano Crespi Reghizzi. a1st ed. aNew York :bSpringer,cc.2008. a0812 a364p:bill;c25 cm.0 aTexts in computer science aIncludes Index. aProgramming languages (Electronic computers)911474 aUnderstanding computers.911475 2ddccBB c13412d13412 00102ddc40708AlahramaMAINbMAINcLOWd2010-02-18epurchaseg436.50h37l0o005.133 REGp000019590r2025-07-15 00:00:00yBB